LIBRARY & INFORMATION CENTRE, KCAET, TAVANUR

ONLINE PUBLIC ACCESS CATALOGUE (OPAC)

Biogas Production, Upgradation and Slurry Management (Record no. 14325)

MARC details
000 -LEADER
fixed length control field 00313nam a22001217a 4500
020 ## - INTERNATIONAL STANDARD BOOK NUMBER
ISBN 9788184871364
082 ## - DEWEY DECIMAL CLASSIFICATION NUMBER
Classification number 665.776
Item number VIJ/BI
245 ## - TITLE STATEMENT
Title Biogas Production, Upgradation and Slurry Management
260 ## - PUBLICATION, DISTRIBUTION, ETC. (IMPRINT)
Place of publication New Delhi
Name of publisher Narosa Publishing House
Year of publication 2012
300 ## - PHYSICAL DESCRIPTION
Number of Pages 126
700 ## - ADDED ENTRY--PERSONAL NAME
Personal name Vijay,V.K
942 ## - ADDED ENTRY ELEMENTS (KOHA)
Koha item type Books
Holdings
Withdrawn status Lost status Damaged status Collection code Home library Current library Shelving location Date acquired Source of acquisition Cost, normal purchase price Full call number Accession Number Koha item type
        KAUAET KAUAET General Stacks 16/06/2016 Dream Tech, Trivandrum 510.00 665.776 VIJ/BI 24800 Books
free website counter